Statistics for Country By First And Last Letter

Click here to take the quiz!

General Stats

  • This quiz has been taken 486 times
  • The average score is 11 of 14

Answer Stats

First LetterLast LetterCountry% Correct
ZAZambia
95%
KIKiribati
88%
NUNauru
87%
TOTogo
86%
PYParaguay
85%
UAUganda
85%
TUTuvalu
84%
DIDjibouti
83%
BHBangladesh
80%
BIBurundi
74%
GEGreece
72%
EREcuador
71%
MEMozambique
57%
SSSeychelles
53%

Score Distribution

Percentile by Number Answered

Percent of People with Each Score

Your Score History

You have not taken this quiz